All that glitters / (Record no. 21171)

000 -LEADER
fixed length control field 00927cam a2200265 a 4500
001 - CONTROL NUMBER
control field 1951629
005 - DATE AND TIME OF LATEST TRANSACTION
control field 20170121093048.0
008 - FIXED-LENGTH DATA ELEMENTS--GENERAL INFORMATION
fixed length control field 870721s1987 nyuaf b 001 0 eng
010 ## - LIBRARY OF CONGRESS CONTROL NUMBER
LC control number 87045489
020 ## - INTERNATIONAL STANDARD BOOK NUMBER
International Standard Book Number 0847808688 :
Terms of availability $40.00
020 ## - INTERNATIONAL STANDARD BOOK NUMBER
International Standard Book Number 0847808718 (pbk.) :
Terms of availability $25.00
050 00 - LIBRARY OF CONGRESS CALL NUMBER
Classification number NK4890.C67S55 1987
100 1# - MAIN ENTRY--PERSONAL NAME
Personal name Shields, Jody,
Dates associated with a name 1952-
245 10 - TITLE STATEMENT
Title All that glitters /
Statement of responsibility, etc. Jody Shields ; photographs, Max Vadukul, Paul Lachenauer, and others.
260 ## - PUBLICATION, DISTRIBUTION, ETC. (IMPRINT)
Place of publication, distribution, etc. New York :
Name of publisher, distributor, etc. Rizzoli,
Date of publication, distribution, etc. 1987.
300 ## - PHYSICAL DESCRIPTION
Extent 175 p., [16] p. of plates :
Other physical details ill. (some col.) ;
Dimensions 32 cm.
500 ## - GENERAL NOTE
General note Includes index.
504 ## - BIBLIOGRAPHY, ETC. NOTE
Bibliography, etc Bibliography: p. [172]-173.
650 #0 - SUBJECT ADDED ENTRY--TOPICAL TERM
Topical term or geographic name as entry element Costume jewelry.
942 ## - ADDED ENTRY ELEMENTS (KOHA)
Source of classification or shelving scheme
Koha item type Hard Covered Materials

No items available.

© Machakos University Library, Along The Highway, Machakos Wote Rd, Machakos, Kenya P.O. Box 136 - 90100 Machakos - Kenya

Tel: ( +254 ) 723 805829 OR Fax : 044-20353 OR Email: library@mksu.ac.ke